| 000 | 00925cam a22002414a 4500 | ||
|---|---|---|---|
| 001 | 12072577 | ||
| 005 | 20180112040316.0 | ||
| 008 | 000623s2000 ilua 000 0 eng | ||
| 010 | _a 00057367 | ||
| 020 | _a1570715823 | ||
| 040 |
_aDLC _cDLC _dDLC |
||
| 041 | _aeng | ||
| 042 | _apcc | ||
| 043 | _an-us--- | ||
| 080 | _a070.4497960973 JOE | ||
| 082 | 0 | 0 |
_a070.4497960973 JOE _221 |
| 100 | 1 | _a39 | |
| 101 | _aMED | ||
| 245 | 1 | 0 |
_aAnd the fans roared : _cJoe Garner ; Bob Costas, narration ; George Foreman, foreword. |
| 906 |
_a7 _bcbc _corignew _d1 _eocip _f19 _gy-gencatlg |
||
| 942 |
_2ddc _cBK |
||
| 999 |
_c40168 _d40168 |
||